| 000 | 00484nam a2200157 i 4500 | ||
|---|---|---|---|
| 001 | 64221 | ||
| 003 | ES-MaACL | ||
| 005 | 20230906165056.0 | ||
| 007 | t| | ||
| 008 | 031222s1960 sp ||||1| spa d | ||
| 245 | 0 | 4 |
_aLas florecillas de San Francisco / _cversión de Rafael Ballester Escalas. |
| 260 |
_aBarcelona : _bMateu, _c[1960] ( _fDiamante) |
||
| 300 |
_a240, 5 p. de lám. : _bil. ; _c18 cm. |
||
| 700 | 1 |
_aBallester Escalas, R. _925014 |
|
| 852 |
_aES-MaACL _jC-20987 _bR.49529 |
||
| 999 |
_c64221 _d64221 |
||